00917nam a2200217 a 450000100100000000500170001000800410002702000150006804000250008310000290010824501310013724600520026826000660032030000280038649000210041450000730043550400730050850400320058171000650061383000210067800004175320201002035732.0131023s2004 sp 000 0 spa d a8400073428 aDO-SdBNPbspacBNPHU1 aÁlvarez Borge, Ignacio10aMonarquía feudal y organización territorial :balfoces y merindades en Castilla (siglos X-XIV) /cIgnacio Álvarez Borge.13aAlfoces y merindades en Castilla (siglos X-XIV) aMadrid :bConsejo Superior de Investigaciones Científicas,. a237 p. :bil. ;c21 cm.1 aMonografíasv3 aIncluye referencias bibliográficas y notas al pie de las páginas aIncluye referencias bibliográficas y notas al pie de las páginas aBibliografía : p. 218-2372 aConsejo Superior de Investigaciones Científicas (España) 0aMonografíasv3